000 00657nam a22001577a 4500
003 OSt
005 20151105152102.0
008 151105b xxu||||| |||| 00| 0 eng d
040 _cRUA
082 _aFOR OUN 1999 B126 Or.1
100 _93410
_aOUN, POGNAKTHEARY.
245 _aPlanting rubber is aimed to develop community forestry at chup rubber plantation company, ការដាំកៅស៊ូក្រោមរូបភាពអភិវឌ្ឍន៍សហគមន៦ព្រៃឈើ នៅក្រុមហ៊ុនចំការកៅស៊ូជុប
260 _aPhnom Penh
_bRUA
_c1999
300 _a79p.
_bill.
_c29cm.
942 _2ddc
_cFOR
999 _c3181
_d3181